Musicians #1 - Statistics

General Stats
  • This quiz has been taken 21 times
  • The average score is 10 of 16
Answer Stats
Picture Answer % Correct
Ariana Grande
100%
Ed Sheeran
100%
Taylor Swift
100%
Bruno Mars
89%
Nicki Minaj
89%
Selena Gomez
89%
Jennifer Lopez
84%
Jason Derulo
58%
Shawn Mendes
58%
Chris Brown
47%
Bebe Rexha
42%
Daddy Yankee
32%
Little Mix
32%
Rita Ora
32%
Álvaro Soler
26%
Panic! At The Disco
5%
No matching quizzes found
Score Distribution
Percent of People with Each Score
Percentile by Number Answered
Your Score History
You have not taken this quiz